000 00431nam a2200157Ia 4500
008 230524s9999 xx 000 0 und d
082 _a515.21
_bSED
100 _aRobert Sedgewick
_924484
245 0 _a"Algorithm in C++ Part-1-4 Fundamentals,Data Structures Sorting Searching"
250 _a1ST
260 _aNEW DELHI
_bPearson
_c2006
300 _aXII;758
500 _aQuantity Number: 1
650 _aComp-Sc
942 _cBK
999 _c36261
_d36261